Nové trendy v oblasti technického vzdelávania = New trends in technical education : Diplomová práca
Uložené v:
| Hlavný autor: | |
|---|---|
| Ďalší autori: | |
| Médium: | Rukopis Kniha |
| Jazyk: | Slovak |
| Vydavateľské údaje: |
Trnava :
STU v Bratislave MTF UIPH,
2009
|
| Tagy: |
Žiadne tagy, Buďte prvý, kto otaguje tento záznam!
|
MARC
| LEADER | 00000ntm a22000003a 4500 | ||
|---|---|---|---|
| 001 | stu198881 | ||
| 005 | 20160719160059.2 | ||
| 008 | 100125s2009----xo------------------slo-d | ||
| 040 | |a STU |b slo | ||
| 041 | 0 | |a slo | |
| 044 | |a xo | ||
| 100 | 1 | |a Martinovič, Milan |4 aut | |
| 245 | 1 | |a Nové trendy v oblasti technického vzdelávania = New trends in technical education : |b Diplomová práca | |
| 260 | |a Trnava : |b STU v Bratislave MTF UIPH, |c 2009 | ||
| 300 | |a 75 s |c 1 CD-ROM | ||
| 500 | |a Študijný program: učiteľstvo technických profesijných predmetov | ||
| 500 | |a Študijný odbor: 1.1.2 učiteľstvo profesijných predmetov a praktickej prípravy | ||
| 700 | 1 | |a Reháková, Anna, |d 1954- |4 xxx |u M330 |U MTF Ústav inžinierskej pedagogiky a humatitných vied |T MTF Katedra odbornej jazykovej prípravy |X 280 |U M330 |Y M330 |7 A000000280 | |
| 996 | |b 284M077747 |c M*DP-8696 |l MMSKP |s P |a 0 |w stu198881_0001 | ||